|
|
|
|
| LEADER |
00000cam a2200000 7i4500 |
| 001 |
0000051569 |
| 005 |
20220105104157.0 |
| 008 |
150827 |
| 020 |
|
|
|a 9789833623815(set)
|
| 020 |
|
|
|a 9833623839
|
| 090 |
0 |
0 |
|a CUS
|b MAL
|
| 100 |
1 |
|
|a Suria Hamdani
|
| 245 |
1 |
0 |
|a Lalu di bawah ampaian :
|b Lalu di bawah hidangan
|c Suria Hamdani
|
| 260 |
|
|
|a kluang :
|b Penerbitan PHD(M) Sdn. Bhd. ,
|c 2014
|
| 300 |
|
|
|a 32pg. :
|b col. ill.
|
| 490 |
1 |
|
|a Koleksi pantang larang melayu lama
|
| 500 |
|
|
|a Children age 4-6 years old (yellow)
|
| 650 |
|
0 |
|a Malaysia
|x social life and customs
|
| 650 |
|
0 |
|a Malays
|x social life and customs
|
| 999 |
|
|
|a 0001316462
|b Book
|c Children Collection
|e Cawangan Pontian
|
| 999 |
|
|
|a 0001316464
|b Book
|c Children Collection
|e Cawangan Segamat
|
| 999 |
|
|
|a 0001316467
|b Book
|c Children Collection
|e Cawangan Muar
|
| 999 |
|
|
|a 0001316469
|b Book
|c Children Collection
|e Cawangan Bukit Gambir
|
| 999 |
|
|
|a 0001316473
|b Book
|c Children Collection
|e Cawangan Tmn. Ungku Tun Aminah
|